000 00633nam a22002057a 4500
003 UA-OsUOA
001 62344
007 ta
008 20090820b un ||||| |||| 00| 0 ukr d
090 _a811.161.2 (082)
_bН34
942 _cBK
040 _aUA-OsUOA
_cUA-OsUOA
_dUA-OsUOA
245 _aСборник работ филологического факультета
300 _a178 с.
955 _a1
080 _a811.161.2 (082)
260 _aДніпропетровськ
_c1963
650 7 _a8 Мовознавство. Художня література. Літературознавство
_2UDC
999 _c348434
_d348434